Statistics for States in 1900 with the Most % Midwestern Transplants

Click here to take the quiz!

General Stats

  • This quiz has been taken 15 times
  • The average score is 7 of 8

Answers on the Map

Answers color-coded by a green-red scale on the quiz's map according to % correct below.
 

Answer Stats

PercentAnswer% Correct
25Idaho
100%
30Montana
100%
15Montana
100%
31Washington
100%
34Colorado
90%
26Oregon
90%
35Wyoming
90%
37Oklahoma
40%

Score Distribution

Percentile by Number Answered

Percent of People with Each Score

Your Score History

You have not taken this quiz